Central Library OPAC University of Rajshahi

Construction specifications of the Asphalt institute. (Record no. 19920)

MARC details
000 -LEADER
fixed length control field 00747cam a2200265 4500
001 - CONTROL NUMBER
control field 19920
003 - CONTROL NUMBER IDENTIFIER
rucl marc code BD-RjUL
005 - DATE AND TIME OF LATEST TRANSACTION
control field 20211209000509.0
008 - FIXED-LENGTH DATA ELEMENTS--GENERAL INFORMATION
fixed length control field 750918s1943 nyu 000 0 eng
035 ## - SYSTEM CONTROL NUMBER
System control number (OCoLC)ocm01633170
System control number (BD-RjUL)
040 ## - CATALOGING SOURCE
Original cataloging agency DLC
Transcribing agency FQG
Modifying agency OCL
-- ZCU
-- BD-RjUL
Language of cataloging eng
041 ## - LANGUAGE CODE
Language code of text/sound track or separate title eng
082 ## - DEWEY DECIMAL CLASSIFICATION NUMBER
Classification number 625.8506273
099 ## - LOCAL FREE-TEXT CALL NUMBER (OCLC)
Bangla Class number 625.8
-- As671
110 2# - MAIN ENTRY--CORPORATE NAME
Corporate name or jurisdiction name as entry element Asphalt Institute.
9 (RLIN) 61227
245 10 - TITLE STATEMENT
Title Construction specifications of the Asphalt institute.
260 ## - PUBLICATION, DISTRIBUTION, ETC. (IMPRINT)
Place of publication, distribution, etc. [New York, N.Y.,]
Name of publisher, distributor, etc. The Asphalt institute,
Date of publication, distribution, etc. 1943.
300 ## - PHYSICAL DESCRIPTION
Pagination 304 p. :
Illustrations diagrs., tables.;
Size 18 cm.
650 #0 - SUBJECT ADDED ENTRY--TOPICAL TERM
Topical term or geographic name as entry element Asphalt.
9 (RLIN) 61228
Topical term or geographic name as entry element Pavements, Asphalt.
9 (RLIN) 61229
942 ## - ADDED ENTRY ELEMENTS (KOHA)
Source of classification or shelving scheme Dewey Decimal Classification
Koha item type Books
Holdings
Lost status Source of classification or shelving scheme Damaged status Not for loan Permanent Location Current Location Shelving location Date acquired Source of acquisition Cost, normal purchase price Total Checkouts Full call number Date last seen Copy number Koha item type
  Dewey Decimal Classification   Not For Loan Central Library, University of Rajshahi Central Library, University of Rajshahi Reading Room 15/03/1962 Asia Foundation 0.00   625.8506273 CON 1947 26/02/2014 C-1 Books